000 00448nam a2200157Ia 4500
008 140609s9999 xx 000 0 und d
020 _a9789719187677
050 _aCT 210
_b.F363 2008
100 _aFernandez, Marie P.
245 _aMy life with my brother Rudy Fernandez /
_cMarie P. Fernandez
260 _a[S.l.] :
_bMarie P. Fernandez,
_cc2008.
300 _a170 p :
_bill. ;
_c21 cm.
521 _aGE
942 _kLOC
_cBK
999 _c118237
_d118237